Where is the Capital? #1 - Statistics

General Stats
  • This quiz has been taken 20 times
  • The average score is 5 of 10
Answer Stats
Hint Answer % Correct
Australia South
78%
Canada South
72%
Brazil Center
61%
Belarus Center
61%
Argentina North
61%
South Africa South
56%
Ethiopia Center
50%
United States North
44%
Peru North
17%
Mexico South
11%
No matching quizzes found
Score Distribution
Percent of People with Each Score
Percentile by Number Answered
Your Score History
You have not taken this quiz